000 00627nam a2200241Ia 4500
003 OSt
005 20220912150641.0
006 a|||||r|||| 00| 0
007 ta
008 220909b |||||||| |||| 00| 0 eng d
024 _a21185
037 _cTextual
040 _aCSL
_beng
_cCSL
041 _aeng
082 _aY33:6.9937z7, L3
100 _aThomsan Ed.
245 0 _aContemporary New Zealand
260 _aWellington
_bHicks Smith
_c1973
300 _axiii,218p.
_ccm.
700 _a Trlin Ed.
942 _hY33:6.9937z7, L3
_cTEXL
_2CC
999 _c51827
_d51827